000 00784nam a2200277 a 4500
003 AR-BaBNM
005 20251128203730.0
008 082120s2002 ||||||||||||||000 | spa||
040 _cAR-BaBNM
100 1 _aCastagnino, Raúl Héctor
245 0 0 _aTeatro
_bteorías sobre el arte dramático. 2
260 _aBuenos Aires
_bCentro Editor de América Latina
_c1969
300 _a78 p.
490 0 _aEnciclopedia de teatro. Ensayo
500 _aContiene referencias bibliográficas en p. 78
650 4 _aARTE DE VANGUARDIA
650 4 _aARTE POPULAR
650 4 _aTEATRO
650 4 _aARTES ESCENICAS
650 4 _aPRODUCCION TEATRAL
650 4 _aCRITICA LITERARIA
653 0 _aTEORIA DEL ARTE
800 1 _aOrdaz, Luis
_edirector
942 _cBK
998 _cMARTIN
999 _c4692
_d4692